| 000 | 02096nam0a2200349 4500 | ||
|---|---|---|---|
| 001 | RU\NLR\BIBL_A\011644982 | ||
| 005 | 20180312114629.0 | ||
| 010 |
_a978-5-6040135-6-4 _950 |
||
| 021 |
_aRU _bКН-П-18-006670 _9КН-П-18-0455 |
||
| 035 | _a(NLR Aleph) 011644982 | ||
| 035 | _a(RuMoRGB)009530619 | ||
| 090 |
_a11099879 _c11099879 |
||
| 100 | _a20180228d2018 u y0rusy50 ca | ||
| 101 | 0 | _arus | |
| 102 | _aRU | ||
| 105 | _a |||j|||000zy | ||
| 200 | 1 |
_aЭндометриоидный рак: практические рекомендации по диагностике, лечению и наблюдению _eучебно-методическое пособие _fА.Э. Протасова, Р.В. Орлова, А.А. Цыпурдеева [и др.] _gФедеральное государственное бюджетное образовательное учреждение высшего образования "Санкт-Петербургский государственный университет" |
|
| 210 |
_aСанкт-Петербург _cСПбГПМУ _d2018 |
||
| 215 |
_a35 с. _cил., табл. _d21 |
||
| 300 | _aНа обороте тит. л. авт.: А.Э. Протасова, д.м.н., Р.В. Орлова, д.м.н., проф., А.А. Цыпурдеева, к.м.н., доц. | ||
| 320 | _aБиблиогр.: с. 35 (13 назв.) | ||
| 606 | 1 |
_aРак (онкол.) эндометрия _jУчебно-методические пособия для высших учебных заведений _2nlr_sh2 _3RU\NLR\AUTH\661460600 |
|
| 686 |
_aР569.71Рак.я73-14 _2rubbk |
||
| 686 | 1 | _aР569.714.1 Рак.я73 | |
| 701 | 1 |
_aПротасова _bА. Э. _gАнна Эдуардовна |
|
| 701 | 1 |
_aОрлова _bР. В. _cд-р мед. наук, онкология _gРашида Вахидовна _3RU\NLR\AUTH\77108947 |
|
| 701 | 1 |
_aЦыпурдеева _bА. А. _gАнна Алексеевна |
|
| 942 | _cBOOK | ||
| 980 | _aNBR | ||
| 980 | _aNB | ||